logo

The Standard for Project Management and A Guide to the project Management Body of knowledge (Record no. 2027)

000 -LEADER
fixed length control field 00545nam a22001817a 4500
003 - CONTROL NUMBER IDENTIFIER
control field SLTCLib
008 - FIXED-LENGTH DATA ELEMENTS--GENERAL INFORMATION
fixed length control field 260610b ce ||||| |||| 00| 0 eng d
020 ## - INTERNATIONAL STANDARD BOOK NUMBER
International Standard Book Number 9781628258295
041 ## - LANGUAGE CODE
Language code of text/sound track or separate title English Language
080 ## - UNIVERSAL DECIMAL CLASSIFICATION NUMBER
Universal Decimal Classification number 005.8
Item number STA
245 ## - TITLE STATEMENT
Title The Standard for Project Management and A Guide to the project Management Body of knowledge
250 ## - EDITION STATEMENT
Edition statement 8th ed.
260 ## - PUBLICATION, DISTRIBUTION, ETC. (IMPRINT)
Name of publisher, distributor, etc Project Management Institute
Date of publication, distribution, etc 2025
300 ## - PHYSICAL DESCRIPTION
Extent 294p.
650 #0 - SUBJECT ADDED ENTRY--TOPICAL TERM
9 (RLIN) 2111
Topical term or geographic name as entry element Project management
942 ## - ADDED ENTRY ELEMENTS (KOHA)
Source of classification or shelving scheme
Koha item type Reference Materials
945 ## - LOCAL PROCESSING INFORMATION (OCLC)
a 3725
b Ishara wickramage
c 4470
d Rashmi WASANA
Holdings
Withdrawn status Lost status Source of classification or shelving scheme Damaged status Not for loan Permanent Location Current Location Shelving location Date acquired Source of acquisition Cost, normal purchase price Full call number Barcode Date last seen Price effective from Koha item type
          Library of SLTC Library of SLTC Reference Section 2026-06-10 Purchased 69300.00 005.8 STA 003411 2026-06-10 2026-06-10 Reference Materials
          Library of SLTC Library of SLTC Reference Section 2026-06-10 Purchased 69300.00 005.8 STA 003412 2026-06-10 2026-06-10 Reference Materials
Ghostwriter

All Rights Reserved, Library of SLTC
Sri Lanka Technological Campus, Ingiriya Road, Padukka, Sri Lanka - Telephone: +, Fax: + -
Email:library@sltc.edu.lk
Designed & Maintained by Nimal Hettiarachchi
Last Updated: 15-April -2018